| 000 | 00896cam a2200337 4500 | ||
|---|---|---|---|
| 008 | 090401t1990 xxu||||| |||| 00| 0 eng d | ||
| 020 | _a075061269X | ||
| 035 | _a(Sirsi) u8945 | ||
| 041 | _aeng | ||
| 050 | _a693.1 | ||
| 245 | _aConservation of building and decorative stone. Volume 2. | ||
| 260 |
_aLondon _bButterworth-Heinemann _c1990 |
||
| 300 | _a254p. : ill. ; 25cm. | ||
| 350 | _a0 | ||
| 490 | _aButterworth-Heinemann Series in Conservation & Museology | ||
| 650 | _aCLEANING | ||
| 650 | _aDECORATIVE STONE | ||
| 650 | _aHISTORIC BUILDINGS | ||
| 650 | _aLIMEWASING | ||
| 650 | _aMASONRY | ||
| 650 | _aMORTARS | ||
| 650 | _aREPAIR | ||
| 650 | _aSCULPTURE | ||
| 650 | _aSTONE BUILDINGS | ||
| 650 | _aWESTMINSTER ABBEY | ||
| 690 | _aCONSERVATION | ||
| 700 |
_aDimes, Francis G _xEditor |
||
| 700 |
_aAshurst, John _xEditor |
||
| 942 | _n0 | ||
| 948 | _c04/03/1997 | ||
| 999 |
_c86581 _d86581 |
||